Guess the Country by GDP per capita chart - Statistics

General Stats
  • This quiz has been taken 29 times
  • The average score is 3 of 10
Answer Stats
Picture Answer % Correct
China
86%
United Kingdom
81%
United States of America
81%
Japan
29%
New Zealand
14%
Argentina
10%
Greece
10%
Haiti
5%
Iraq
5%
Sudan
5%
No matching quizzes found
Score Distribution
Percent of People with Each Score
Percentile by Number Answered
Your Score History
You have not taken this quiz